Organización matemática del espacio y de lo cotidiano : cuerpos y figuras /
Guardado en:
| Autor Principal: | |
|---|---|
| Otros Autores: | |
| Formato: | Libro |
| Publicado: |
Buenos Aires :
Estrada
|
| Series: | Doce + 1
|
| Materias: | |
| Etiquetas: |
Agregar Etiqueta
Sin Etiquetas, Sea el primero en etiquetar este registro!
|
| LEADER | 00669nam a22002055a 4500 | ||
|---|---|---|---|
| 001 | CEM.cems007458 | ||
| 005 | 20071128204552.0 | ||
| 008 | 130507b######################000#0#####d | ||
| 003 | CEMS | ||
| 020 | |a 9500104474 | ||
| 082 | 0 | 4 | |a 510 |
| 100 | 1 | |a Iglesias, Lucrecia Delia | |
| 245 | 1 | 0 | |a Organización matemática del espacio y de lo cotidiano : |b cuerpos y figuras / |c Lucrecia Delia Iglesias, Clara Rubinstein de Waldman |
| 260 | |a Buenos Aires : |b Estrada | ||
| 300 | |a 59 p. | ||
| 490 | 0 | |a Doce + 1 | |
| 653 | |a Matemática | ||
| 653 | |a Matemática-actividades | ||
| 700 | 1 | |a Rubinstein de Waldman, Clara | |
| 859 | |a CEMS |b BIB. CEMS - 11 de abril |h 510 |i Ig4-1 |p 17366.93 |t Ej.1 |v 1 |3 1 | ||
